Top 50 Countries by Lowest Average IQ - Statistics

General Stats
  • This quiz has been taken 279 times
  • The average score is 33 of 50
Answer Stats
# First
Letter
Answer IQ % Correct
44 N Niger 70.82
90%
29 N Nigeria 67.76
88%
22 D Democratic Republic of the Congo 64.92
84%
20 R Republic of the Congo 62.97
82%
49 Z Zimbabwe 74.01
80%
8 G Guinea 53.48
79%
32 Z Zambia 68.43
79%
27 S Somalia 67.67
78%
25 N Namibia 66.19
77%
12 M Mali 59.76
76%
11 S South Sudan 58.61
76%
1 N Nepal 42.99
75%
41 R Rwanda 69.95
75%
33 E Eritrea 68.77
74%
31 E Ethiopia 68.42
74%
9 G Ghana 58.16
74%
35 L Lesotho 68.87
74%
2 L Liberia 45.07
74%
34 E Eswatini 68.87
72%
14 T Togo 59.83
72%
18 Y Yemen 62.86
71%
30 D Djibouti 68.41
70%
28 C Cameroon 67.76
69%
19 G Gabon 62.97
69%
40 B Benin 69.71
68%
37 B Botswana 69.45
68%
46 M Mozambique 72.50
68%
45 B Burundi 72.09
67%
6 G Gambia 52.68
67%
13 M Mauritania 59.76
67%
10 I Ivory Coast 58.16
66%
48 B Burkina Faso 73.80
65%
3 S Sierra Leone 45.07
65%
17 C Central African Republic 62.55
64%
36 S South Africa 68.87
64%
39 M Malawi 69.70
63%
15 H Honduras 62.16
62%
4 G Guatemala 47.72
58%
7 N Nicaragua 52.69
58%
5 C Cape Verde 52.50
55%
26 M Morocco 67.03
55%
23 S Sao Tome and Principe 65.22
55%
16 B Belize 62.55
52%
24 D Dominica 66.03
51%
38 E El Salvador 69.63
51%
43 S Saint Kitts and Nevis 70.48
45%
47 S Saint Lucia 73.68
44%
21 S Saint Vincent and the Grenadines 63.42
43%
50 B Bangladesh 74.33
42%
42 A Antigua and Barbuda 70.48
40%
No matching quizzes found
Score Distribution
Percent of People with Each Score
Percentile by Number Answered
Your Score History
You have not taken this quiz